The calculus lifesaver : (Record no. 8585)
[ view plain ]
| 000 -LEADER | |
|---|---|
| fixed length control field | 02617cam a22003857a 4500 |
| 001 - CONTROL NUMBER | |
| control field | 14649528 |
| 003 - CONTROL NUMBER IDENTIFIER | |
| control field | OSt |
| 005 - DATE AND TIME OF LATEST TRANSACTION | |
| control field | 20240618092530.0 |
| 008 - FIXED-LENGTH DATA ELEMENTS--GENERAL INFORMATION | |
| fixed length control field | 061129s2007 njua 001 0 eng d |
| 010 ## - LIBRARY OF CONGRESS CONTROL NUMBER | |
| LC control number | 2006939343 |
| 020 ## - INTERNATIONAL STANDARD BOOK NUMBER | |
| International Standard Book Number | 9780691131535 |
| 020 ## - INTERNATIONAL STANDARD BOOK NUMBER | |
| International Standard Book Number | 0691131538 |
| 020 ## - INTERNATIONAL STANDARD BOOK NUMBER | |
| International Standard Book Number | 9780691130880 (pbk.) |
| 020 ## - INTERNATIONAL STANDARD BOOK NUMBER | |
| International Standard Book Number | 0691130884 (pbk.) |
| 035 ## - SYSTEM CONTROL NUMBER | |
| System control number | (OCoLC)ocn100000310 |
| 040 ## - CATALOGING SOURCE | |
| Original cataloging agency | B@L |
| Transcribing agency | MUST |
| Modifying agency | EYE |
| -- | IXA |
| -- | YDXCP |
| -- | BTCTA |
| -- | BAKER |
| -- | MUQ |
| -- | SHH |
| -- | DLC |
| 042 ## - AUTHENTICATION CODE | |
| Authentication code | lccopycat |
| 082 00 - DEWEY DECIMAL CLASSIFICATION NUMBER | |
| Classification number | 515 BAN 2007 |
| 100 1# - MAIN ENTRY--PERSONAL NAME | |
| Personal name | Banner, Adrian D., |
| Dates associated with a name | 1975- |
| 9 (RLIN) | 17405 |
| 245 14 - TITLE STATEMENT | |
| Title | The calculus lifesaver : |
| Remainder of title | all the tools you need to excel at calculus / |
| Statement of responsibility, etc. | Adrian Banner. |
| 260 ## - PUBLICATION, DISTRIBUTION, ETC. (IMPRINT) | |
| Place of publication, distribution, etc. | Princeton, NJ : |
| Name of publisher, distributor, etc. | Princeton University Press, |
| Date of publication, distribution, etc. | 2007. |
| 300 ## - PHYSICAL DESCRIPTION | |
| Extent | xxi, 728 p. : |
| Other physical details | ill. ; |
| Dimensions | 26 cm. |
| 440 #2 - SERIES STATEMENT/ADDED ENTRY--TITLE | |
| Title | A Princeton lifesaver study guide |
| 9 (RLIN) | 17406 |
| 500 ## - GENERAL NOTE | |
| General note | Includes index. |
| 505 0# - FORMATTED CONTENTS NOTE | |
| Formatted contents note | Functions, graphs, and lines -- Review of trigonometry -- Introduction to limits -- How to solve limit problems involving polynomials -- Continuity and differentiability -- How to solve differentiation problems -- Trig limits and derivatives -- Implicit differentiation and related rates -- Exponentials and logarithms -- Inverse functions and inverse trig functions -- The derivative and graphs -- Sketching graphs -- Optimization and linearization -- L'Hôpital's Rule and overview of limits -- Introduction to integration -- Definite integrals -- The fundamental theorems of calculus -- Techniques of integration, part one -- Techniques of integration, part two -- Improper integrals : basic concepts -- Improper integrals : how to solve problems -- Sequences and series : basic concepts -- How to solve series problems -- Taylor polynomials, Taylor series, and power series -- How to solve estimation problems -- Taylor and power series : how to solve problems -- Parametric equations and polar coordinates -- Complex numbers -- Volumes, arc lengths, and surface areas -- Differential equations. |
| 650 #0 - SUBJECT ADDED ENTRY--TOPICAL TERM | |
| Topical term or geographic name as entry element | Calculus. |
| 9 (RLIN) | 764 |
| 650 #6 - SUBJECT ADDED ENTRY--TOPICAL TERM | |
| Topical term or geographic name as entry element | Calcul infinitésimal. |
| 9 (RLIN) | 17407 |
| 856 42 - ELECTRONIC LOCATION AND ACCESS | |
| Materials specified | Contributor biographical information |
| Uniform Resource Identifier | http://www.loc.gov/catdir/enhancements/fy0809/2006939343-b.html |
| 856 42 - ELECTRONIC LOCATION AND ACCESS | |
| Materials specified | Publisher description |
| Uniform Resource Identifier | http://www.loc.gov/catdir/enhancements/fy0809/2006939343-d.html |
| 856 41 - ELECTRONIC LOCATION AND ACCESS | |
| Materials specified | Table of contents only |
| Uniform Resource Identifier | http://www.loc.gov/catdir/enhancements/fy0809/2006939343-t.html |
| 906 ## - LOCAL DATA ELEMENT F, LDF (RLIN) | |
| a | 7 |
| b | cbc |
| c | copycat |
| d | 2 |
| e | epcn |
| f | 20 |
| g | y-gencatlg |
| 942 ## - ADDED ENTRY ELEMENTS (KOHA) | |
| Source of classification or shelving scheme | Dewey Decimal Classification |
| Koha item type | Open Shelf |
| Withdrawn status | Lost status | Source of classification or shelving scheme | Damaged status | Not for loan | Home library | Current library | Date acquired | Source of acquisition | Inventory number | Total Checkouts | Full call number | Barcode | Date last seen | Price effective from | Koha item type |
|---|---|---|---|---|---|---|---|---|---|---|---|---|---|---|---|
| Dewey Decimal Classification | MUST Main Library | MUST Main Library | 18/06/2024 | Purchase | 2011/34691 | 515 BAN 2007 | 2024-20719 | 18/06/2024 | 18/06/2024 | Open Shelf |
